| 000 | 01196aam a2200325 i 4500 | ||
|---|---|---|---|
| 001 | 010679074 | ||
| 003 | EG-ScBUE | ||
| 005 | 20240610124715.0 | ||
| 008 | 990118s1998 enk f b 001 0 eng d | ||
| 020 | _a0333732030 | ||
| 020 | _a9780333732038 | ||
| 040 |
_aDLC _beng _erda _cDLC _dEG-ScBUE |
||
| 043 | _af-rw--- | ||
| 082 | 0 | 4 |
_222 _a967.57104 _bKLI |
| 100 | 1 |
_aKlinghoffer, Arthur Jay, _d1941- _eauthor. _939870 |
|
| 245 | 1 | 4 |
_aThe international dimension of genocide in Rwanda / _cArthur Jay Klinghoffer, professor of political science, Rutgers University, New Jersey. |
| 264 | 1 |
_aHampshire ; _aLondon : _bMacmillan Press LTD, _c1998. |
|
| 300 |
_aix,219 pages ; _c23 cm |
||
| 336 |
_2rdacontent _atext _btxt |
||
| 337 |
_aunmediated _2rdamedia _bn |
||
| 338 |
_avolume _bnc _2rdacarrier |
||
| 504 | _aIncludes bibliographical references and index. | ||
| 650 | 7 |
_aGenocide _zRwanda _xHistory _y20th century. _2BUEsh |
|
| 651 | 7 |
_aRwanda _xHistory _yCivil War, 1994 _xAtrocities. _2BUEsh |
|
| 651 | 7 |
_aRwanda _xForeign relations. _2BUEsh |
|
| 651 | 7 |
_aRwanda _xHistory _yCivil War, 1994 _xDiplomatic history. _2BUEsh |
|
| 653 |
_bBUSBOL _cApril2016 |
||
| 655 | _vReading book | ||
| 942 |
_2ddc _cBB |
||
| 999 |
_c21661 _d21633 |
||